| 000 | 01051 a2200193 4500 | ||
|---|---|---|---|
| 003 | Nust | ||
| 005 | 20170207153411.0 | ||
| 040 | _cNust | ||
| 082 | _a355.02 | ||
| 100 | _aBaron Von Freytage-Loringhoven | ||
| 245 |
_aThe power of personality in war _cMajor General Baron Von Freytage-Loringhoven |
||
| 250 | _a1st ed | ||
| 260 |
_aThe military Sevice Publishing Company _bHarrisburg _c1955 |
||
| 300 |
_axi, 167 p _billus _c24 cm |
||
| 505 | _aWar is the Domain of Danger (Page-1) War is the Domain of Physical Exertion and Suffering (page-40) War is the Domain of Friction (Page-57) War is The Domain of Uncertainty (Page-70) The Commander Must Have Imagination (Page-108) Ambition is One of the Essential Qualities Of a Leader (page-117) Only a Strong Mind Can Resist the Impressions of War (Page-129) Without Strength of Character , no One Can Be a Leader In War (Page-144) The Essence of Military Leadership (Page-160) | ||
| 538 | _aAlmirah No.52, Shelf No.6 | ||
| 600 | _aBaron Von Freytage-Loringhoven | ||
| 650 | _aThe power of personality in war | ||
| 942 |
_2ddc _cBK |
||
| 999 |
_c185380 _d185380 |
||